Регионална библиотека "Любен Каравелов" - Русе

Пинокио (Запис номер 148978)

MARC детайли
000 -Лидер
Контролно поле с фиксирана дължина 01819nam a2200421 c 4500
003 - Код на организацията, давaща контролен номер
Контролно поле BLK
005 - Дата и час на последна редакция
Контролно поле 20250512164815.0
008 - Елементи от данни с фиксирана дължина
fixed length control field 180410b bul|||||r ||||||| ||bul||
010 ## - Наследен системен номер
LC control number KNG00155213000
020 ## - Международен стандартен номер на книга ISBN
Международен стандартен номер на книга ISBN 978-619-159-011-7
-- издат.: ПП-Прес
040 ## - Източник на каталожния запис
Идентификатор на билиотеката - собственик на записа BLK
041 ## - Код за език
Код за езика на текст/звукозапис или на отделно заглавие Български
Код за езика КДБФ Български
072 #7 - Код за тематичната категория
Код организация bullib
Код за тематична категория Н85
Текст Детска художествена литература Н
080 ## - УДК
Текстов определител УДК Италианска литература
УДК код - определител по УДК 821.131.1
УДК определител -93-91
УДК - код + определител 821.131.1-93-91
139 ## - Редно поле
Редна дума Пинокио
Авторски знак Пил - П 52
245 10 - Сведения за заглавието
Заглавие Пинокио
Подзаглавни данни Приказка
Редно поле (дума) адапт. Ивана Костадинович; по Карло Колоди; ил. Владимир Манчич; прев. от сръб. Русанка Костова Ляпова.
257 ## - Страна на издаване
Страна на създаване/издаване Италия
260 ## - Област на издателските данни
-- Пловдив
Име на издателя, разпространителя и проч. ПП-Прес
Година на издаване [2012]
Печатница Пирот : Pi-press
300 ## - Физическа характеристика
Страници 16 с.
Илюстрации и др. с цв. ил.
Размери/Мащаб 21 см
380 ## - Жанр
Жанр Детска худож. лит.
490 1# - СЕРИИ (Колекции)
Име на серия Най-хубавите приказки на света
500 ## - Общи забележки
Забележка Без сведение за ориг. загл.
653 ## - Ключова дума – ненормативна
Ключова дума приказки
653 ## - Ключова дума – ненормативна
Ключова дума адаптирани книги
653 ## - Ключова дума – ненормативна
Ключова дума детска литература
653 ## - Ключова дума – ненормативна
Ключова дума литература за деца
659 ## - Тематичен бюлетин
Тематичен бюлетин Н
700 1# - Други автори (авторска отговорност)
Лично име Костадинович, Ивана
Автороска отговорност (Описва отношението между автора и произведението) адапт.
9 (RLIN) 82943
700 1# - Други автори (авторска отговорност)
Лично име Колоди, Карло
Автороска отговорност (Описва отношението между автора и произведението) по
Друга информация Лоренцини, Карло
9 (RLIN) 81581
700 1# - Други автори (авторска отговорност)
Лично име Манчич, Владимир
Автороска отговорност (Описва отношението между автора и произведението) ил.
9 (RLIN) 92477
700 1# - Други автори (авторска отговорност)
Лично име Ляпова, Русанка Костова
Автороска отговорност (Описва отношението между автора и произведението) прев. от сръб.
9 (RLIN) 368468
852 ## - Местоположение
Форматна сигнатура Цб 267787
856 4# - Електронен адрес и достъп
Електронен формат pdf - файл
Път до файла /url/
856 4# - Електронен адрес и достъп
Електронен формат pdf - файл
Път до файла /url/
942 ## - АРТИКУЛИ
Вид на библиотечния материал Книги
Скрит в OPAC Не
Koha issues (borrowed), all copies 10
944 ## - СЪЗДАВАНЕ И РЕДАКЦИЯ на ЗАПИСА
Създаване/Редакция Създаване
Дата на регистрацията/редакция 06.01.2014
Статус, дата на статуса Бояна Костадинова
Служител, извършил регистрацията/редакцията 30551
944 ## - СЪЗДАВАНЕ И РЕДАКЦИЯ на ЗАПИСА
Създаване/Редакция Редакция
Дата на регистрацията/редакция 07.12.2017
Статус, дата на статуса ф /
Служител, извършил регистрацията/редакцията Виолета_Тройчева
999 ## - СИСТЕМНИ КОНТРОЛНИ НОМЕРА
Koha biblionumber 148978
Koha biblioitemnumber 148978
Наличности
Код за отписване Код за изгубен артикул Код за повреда Коз за рестрикции Код за отдаване Артикулен № Име на библиотеката - собственик Име на библиотеката, в която се намира в момента Статус (Текущо местоположение) Дата на вписване в системата Местоположение - отдел Цена в лева Инвентарен номер Систематично азбучна сигнатура Баркод Номер на екземпляра Цена в евро Служебна бележка Служебен тип на артикула
  Не е изгубен Не е повреден без рестрикции ползва се в читалня 248460 Регионална библиотека "Любен Каравелов" Русе Регионална библиотека "Любен Каравелов" Русе Хранилище 2014-01-24 Хранилище 0.99 120000773779 Цб 267787 120000773779 1 0.51 Дост: Dp Вид: Д N: 2 Дата: 15.01.2013 Книги
  Не е изгубен Не е повреден без рестрикции заемане за дома 248461 Регионална библиотека "Любен Каравелов" Русе Регионална библиотека "Любен Каравелов" Русе Детски отдел 2017-09-28 Детски отдел 2.25 120000815316 ДХ 820/899/П 52 120000815316 2 1.15 Дост: Pk Вид: Ф N: 211 Дата: 21.09.2017 Книги
  Не е изгубен Не е повреден без рестрикции заемане за дома 248462 Регионална библиотека "Любен Каравелов" Русе Регионална библиотека "Любен Каравелов" Русе Детски отдел 2017-09-28 Детски отдел 2.25 120000815317 ДХ 820/899/П 52 120000815317 3 1.15 Дост: Pk Вид: Ф N: 211 Дата: 21.09.2017 Книги
Vip Innovations Ltd, Rousse, Bulgaria 2025